Separate but same Gospel (Record no. 61489)
[ view plain ]
| 000 -LEADER | |
|---|---|
| fixed length control field | 00578nam a2200217Ia 4500 |
| 003 - CONTROL NUMBER IDENTIFIER | |
| control field | 0100 |
| 008 - FIXED-LENGTH DATA ELEMENTS--GENERAL INFORMATION | |
| fixed length control field | 130303s9999 xx 000 0 und d |
| 040 ## - CATALOGING SOURCE | |
| Transcribing agency | ARRUPELIB |
| 050 ## - LIBRARY OF CONGRESS CALL NUMBER | |
| Classification number | BR1446.2.M636 |
| 300 ## - PHYSICAL DESCRIPTION | |
| Other physical details | 22cm |
| 100 ## - MAIN ENTRY--PERSONAL NAME | |
| Personal name | Mijoga, Hilary B.P. |
| 245 ## - TITLE STATEMENT | |
| Title | Separate but same Gospel |
| 245 ## - TITLE STATEMENT | |
| Remainder of title | Preaching in African Instituted Churches in Southern Malawi |
| 260 ## - PUBLICATION, DISTRIBUTION, ETC. (IMPRINT) | |
| Place of publication, distribution, etc | Blantrye |
| 260 ## - PUBLICATION, DISTRIBUTION, ETC. (IMPRINT) | |
| Name of publisher, distributor, etc | Christian Literature Association in Malawi |
| 260 ## - PUBLICATION, DISTRIBUTION, ETC. (IMPRINT) | |
| -- | 2000 |
| 300 ## - PHYSICAL DESCRIPTION | |
| Extent | 208p. |
| 440 ## - SERIES STATEMENT/ADDED ENTRY--TITLE | |
| Title | A Kachere Study |
| 650 ## - SUBJECT ADDED ENTRY--TOPICAL TERM | |
| Topical term following geographic name as entry element | Philosophy, Buddhist |
| 942 ## - ADDED ENTRY ELEMENTS (KOHA) | |
| Source of classification or shelving scheme | Library of Congress Classification |
| Koha issues (borrowed), all copies | 2 |
| Withdrawn status | Lost status | Source of classification or shelving scheme | Damaged status | Not for loan | Collection code | Home library | Current library | Shelving location | Date acquired | Total Checkouts | Full call number | Barcode | Date last seen | Date checked out | Copy number | Price effective from | Koha item type |
|---|---|---|---|---|---|---|---|---|---|---|---|---|---|---|---|---|---|
| Library of Congress Classification | Main Collection | ARRUPE LIBRARY | ARRUPE LIBRARY | 05/03/2013 | 3 | BR1446.2.M636 | 46003072972 | 15/11/2016 | 05/10/2015 | 1 | 05/03/2013 | Monograph ( Printed materials) |